000 00413nam a2200169Ia 4500
005 20250423094317.0
008 250422s9999 xx 000 0 und d
020 _a0- 8407-7824-4
050 _aHV 675 .L39
100 _aKen Lawrence
245 0 _aAccident- proof your life
260 _bKane associates international
260 _c1994
300 _a206 p
650 _aAccidents- prevention
942 _cBK
999 _c26873
_d26873